[Event "Caracas FVA 80th Ann"]
[Site "Caracas"]
[Date "2015.12.18"]
[Round "6"]
[White "Escalona Landi, Samid Eduardo"]
[Black "Ford Garcia, Moises David"]
[Result "0-1"]
[WhiteElo "1611"]
[BlackElo "1868"]
[PlyCount "82"]
[EventDate "2015.12.16"]
[EventType "swiss"]
[EventRounds "8"]
[EventCountry "VEN"]
[SourceTitle "EXT 2018"]
[Source "ChessBase"]
[SourceDate "2017.10.13"]
[SourceVersion "1"]
[SourceVersionDate "2017.10.13"]
[SourceQuality "1"]

1. e4 c5 2. Nf3 e6 3. d4 cxd4 4. Nxd4 a6 5. Bd3 Qc7 6. c4 b6 7. 0-0 Nf6 8. Nc3 Bb7 9. f4 h5 10. h3 Bc5 11. Be3 Nc6 12. Nc2 Nb4 13. Bxc5 Qxc5+ 14. Rf2 Nxc2 15. Qxc2 Ng4 16. Na4 Qxf2+ 17. Qxf2 Nxf2 18. Kxf2 Rb8 19. Nxb6 Bxe4 20. Bxe4 Rxb6 21. b3 Ke7 22. Ke3 a5 23. Kd4 Rc8 24. Rb1 Rcb8 25. Kc3 Rc8 26. Kd4 g6 27. a3 f6 28. b4 e5+ 29. fxe5 fxe5+ 30. Kc3 axb4+ 31. axb4 Rcb8 32. b5 Rf8 33. Ra1 Kf6 34. Rf1+ Ke7 35. Ra1 Rf2 36. Ra6 Rxa6 37. bxa6 Ra2 38. Bb7 Kd8 39. Kb4 Kc7 40. Bf3 Kb6 41. Kb3 Rxa6 0-1

[Event "Caracas FVA 80th Ann"]
[Site "Caracas"]
[Date "2015.12.17"]
[Round "3"]
[White "Ford Garcia, Moises David"]
[Black "Brizuela Abreu, Ronald Jesus"]
[Result "1-0"]
[WhiteElo "1868"]
[BlackElo "2313"]
[PlyCount "73"]
[EventDate "2015.12.16"]
[EventType "swiss"]
[EventRounds "8"]
[EventCountry "VEN"]
[SourceTitle "EXT 2018"]
[Source "ChessBase"]
[SourceDate "2017.10.13"]
[SourceVersion "1"]
[SourceVersionDate "2017.10.13"]
[SourceQuality "1"]

1. e3 g6 2. c4 Bg7 3. Nc3 Nf6 4. d4 0-0 5. Nf3 c5 6. Be2 cxd4 7. Nxd4 Nc6 8. 0-0 d6 9. Qb3 Na5 10. Qa3 Bd7 11. b4 Nc6 12. Bb2 a6 13. Rfd1 Rc8 14. c5 dxc5 15. Nxc6 Rxc6 16. b5 axb5 17. Bxb5 Rc7 18. Nd5 Nxd5 19. Bxg7 Kxg7 20. Rxd5 e6 21. Rxd7 Rxd7 22. Bxd7 Qxd7 23. Qxc5 Rc8 24. Qe5+ f6 25. Qe4 f5 26. Qb4 b5 27. Qb2+ Kh6 28. Rc1 Rxc1+ 29. Qxc1 Qd3 30. g3 b4 31. Qb2 Qc4 32. h4 Kh5 33. Qf6 Kg4 34. Qb2 Kf3 35. Qb1 Qd5 36. Qxb4 Qd1+ 37. Kh2 1-0